| 000 | 00368nam a2200169Ia 4500 | ||
|---|---|---|---|
| 100 | _aStevens/Brian L | ||
| 650 | _aAircraft | ||
| 250 | _a2 | ||
| 942 | _cBK | ||
| 366 | _f20 | ||
| 654 | _aAircraft control | ||
| 245 | _aAircraft control and simulation | ||
| 260 |
_bWiley India _c2003 |
||
| 082 |
_a629.134 _bSTE |
||
| 300 | _a664 | ||
| 546 |
_aENGLISH _cInfo.Tech |
||
| 999 |
_c31408 _d31408 |
||